| 000 | 00846nam a22002411 4500 | ||
|---|---|---|---|
| 001 | 754698 | ||
| 005 | 19740909000000.0 | ||
| 008 | 740514s1967 nyu |db 001 0 eng d | ||
| 010 | _a 67010915 | ||
| 040 |
_aDLC _cDLC _dDLC |
||
| 050 | 0 | 0 |
_aJX1977 _b.C5542 |
| 082 | 0 | 0 |
_a341.23 _222 _bCLA |
| 100 | 1 |
_aClaude, Inis L. _910649 |
|
| 245 | 1 | 4 |
_aThe Changing United Nations/ _cby Inis L. Claude |
| 260 |
_aNew York: _bRandom House, 1967 _c1967 |
||
| 300 |
_axix, 140 p.; _c19 cm. |
||
| 490 | 0 | _aRandom House Studies in Political Science,PS58 | |
| 500 | _aDonated by: Alaa Abdel Ghany | ||
| 504 | _aBibliography: p. 131-136. | ||
| 610 | 2 | 0 |
_aUnited Nations. _910650 |
| 942 |
_2ddc _cBB |
||
| 999 |
_c13207 _d13207 |
||